000 00721nam a22002057a 4500
003 0
005 20250916083818.0
008 250916b xxu||||| |||| 00| 0 eng d
020 _a978-1-394-27572-4
050 _aQA 76.73.J38
_b.G73 2025
100 _aGrazi, Victor,
_eauthor.
245 _aReal-world Java :
_bhelping you navigate the java ecosystem /
_cVictor Grazi and Jeanne Boyarsky.
260 _aHoboken, New Jersey :
_bJohn Wiley & Sons, Inc.,
_c2025.
300 _axxx, 430 pages :
_billustrations ;
_c24 cm.
504 _aIncludes index.
650 _aJava (Computer program language).
650 _aObject-oriented programming (Computer science).
700 _aBoyarsky, Jeanne,
_eauthor.
942 _2lcc
_cBK
999 _c367972
_d367972